Handbook of epigenetics : (Record no. 171577)
[ view plain ]
| 000 -LEADER | |
|---|---|
| fixed length control field | 01050nam a22002897a 4500 |
| 003 - CONTROL NUMBER IDENTIFIER | |
| control field | OSt |
| 005 - DATE AND TIME OF LATEST TRANSACTION | |
| control field | 20250705095850.0 |
| 008 - FIXED-LENGTH DATA ELEMENTS--GENERAL INFORMATION | |
| fixed length control field | 250409b |||||||| |||| 00| 0 eng d |
| 020 ## - INTERNATIONAL STANDARD BOOK NUMBER | |
| International Standard Book Number | 9780323919098 (paperback) |
| 040 ## - CATALOGING SOURCE | |
| Original cataloging agency | NUST |
| Language of cataloging | eng |
| Transcribing agency | NUST |
| Modifying agency | NUST |
| Description conventions | rda |
| 050 ## - LIBRARY OF CONGRESS CALL NUMBER | |
| Classification number | QH450 HAN |
| 245 ## - TITLE STATEMENT | |
| Title | Handbook of epigenetics : |
| Remainder of title | the new molecular and medical genetics / |
| Statement of responsibility, etc. | edited by Trygve O. Tollefsbol. |
| 250 ## - EDITION STATEMENT | |
| Edition statement | Third edition. |
| 260 ## - PUBLICATION, DISTRIBUTION, ETC. | |
| Place of publication, distribution, etc. | London, United Kingdom : |
| Name of publisher, distributor, etc. | Academic Press, an imprint of Elsevier, |
| Date of publication, distribution, etc. | 2023. |
| 300 ## - PHYSICAL DESCRIPTION | |
| Extent | xv, 902 pages : |
| Other physical details | Illustrations ; |
| Dimensions | 28 cm. |
| 336 ## - CONTENT TYPE | |
| Source | rdamedia |
| Content type term | text |
| Content type code | txt |
| 337 ## - MEDIA TYPE | |
| Source | rdamedia |
| Media type term | unmediated |
| Media type code | n |
| 338 ## - CARRIER TYPE | |
| Source | rdamedia |
| Carrier type term | volume |
| Carrier type code | nc |
| 504 ## - BIBLIOGRAPHY, ETC. NOTE | |
| Bibliography, etc. note | Includes bibliographical references and index. |
| 650 ## - SUBJECT ADDED ENTRY--TOPICAL TERM | |
| Form subdivision | Epigenetics. |
| 650 ## - SUBJECT ADDED ENTRY--TOPICAL TERM | |
| Form subdivision | Genetic regulation. |
| 650 ## - SUBJECT ADDED ENTRY--TOPICAL TERM | |
| Form subdivision | Epigenesis, Genetic. |
| 650 ## - SUBJECT ADDED ENTRY--TOPICAL TERM | |
| Form subdivision | Epigenomics -- methods. |
| 650 ## - SUBJECT ADDED ENTRY--TOPICAL TERM | |
| Form subdivision | Gene Expression Regulation. |
| 700 ## - ADDED ENTRY--PERSONAL NAME | |
| Personal name | Tollefsbol, Trygve O. |
| Relator term | Editor |
| 942 ## - ADDED ENTRY ELEMENTS (KOHA) | |
| Source of classification or shelving scheme | Library of Congress Classification |
| Koha item type | Ordinary Loan Books |
| Edition | Third edition. |
| Classification part | QH450 HAN |
| Call number prefix | QH |
| Call number suffix | HAN |
| Suppress in OPAC | No |
| Withdrawn status | Lost status | Source of classification or shelving scheme | Damaged status | Not for loan | Collection | Home library | Current library | Shelving location | Date acquired | Source of acquisition | Cost, normal purchase price | Total Checkouts | Full call number | Barcode | Date last seen | Accession number | Cost, replacement price | Price effective from | Koha item type | Public note |
|---|---|---|---|---|---|---|---|---|---|---|---|---|---|---|---|---|---|---|---|---|
| LCC | NFIC | MAIN | MAIN | GEN | 04/09/2025 | Book Aid International | 177.00 | QH450 HAN | 92004056953 | 04/09/2025 | 62835 | 177.00 | 04/09/2025 | BOOKS | Donation | |||||
| LCC | NFIC | MAIN | MAIN | GEN | 04/09/2025 | Book Aid International | 177.00 | QH450 HAN | 92004054743 | 04/09/2025 | 62159 | 177.00 | 04/09/2025 | BOOKS | Donation | |||||
| LCC | NFIC | MAIN | MAIN | GEN | 04/09/2025 | Book Aid International | 177.00 | QH450 HAN | 92004055467 | 04/09/2025 | 62162 | 177.00 | 04/09/2025 | BOOKS | Donation | |||||
| LCC | NFIC | MAIN | MAIN | GEN | 04/09/2025 | Book Aid International | 177.00 | QH450 HAN | 92004054715 | 04/09/2025 | 62161 | 177.00 | 04/09/2025 | BOOKS | Donation | |||||
| LCC | NFIC | MAIN | MAIN | GEN | 04/09/2025 | Book Aid International | 185.00 | QH450 HAN | 92004056943 | 04/09/2025 | 62834 | 185.00 | 04/09/2025 | BOOKS | Donation | |||||
| LCC | NFIC | Main | Main | GEN | 06/20/2025 | Book Aid International | 177.00 | QH450 HAN | 92004054953 | 06/20/2025 | 62160 | 177.00 | 06/20/2025 | BOOKS | Donation |